000 00718nam a22001577a 4500
003 OSt
005 20150925142808.0
008 150925b xxu||||| |||| 00| 0 eng d
040 _cRUA
082 _aAGR PHE 2013 BO55 Or.1
100 _91329
_aPHEM,PHEAKDEY
245 _aEffect of chemical and organic biocin fertilizer on sweet pepper at royal university of agriculture ឥទ្ធិពលនៃជីសរីរាង្គបាយអូស៊ីន និងជីគីមីលើដំណាំម្ទេសប្លោក​នៅសាកលវិទ្យាល័យភូមិន្ធកសិកម្ម.
260 _aphnom phen
_bRUA
_c2013
300 _aXII,53p.
_bill.
_c29cm.
942 _2ddc
_cAGR
999 _c1250
_d1250